000
00275nam a22001217a 4500
020
_a
978-93-87911-31-4
082
_a
894.812.3
_b
H&C/D
245
_a
DHEERANAYA KOCHU THAYYALKARAN
260
_a
THRISSUR
_b
H & C BOOKS
300
_a
48
650
_a
STORY
_z
THRISSUR
942
_c
BK
999
_c
6936
_d
6936